Mario Kart Characters By First Appearance - Statistics

General Stats
  • This quiz has been taken 73 times
    56 since last reset
  • The average score is 44 of 72
Answer Stats
Hint Answer % Correct
Donkey Kong (1981) Donkey Kong
95%
Mario
93%
Mario Bros. (1983) Luigi
90%
Donkey Kong Jr. (1982) Donkey Kong Jr.
88%
Ms. Pac-Man (1982) Ms. Pac-Man
88%
Super Mario Bros. (1985) Bowser
85%
Pauline
85%
Pac-Man
80%
The Legend of Zelda (1986) Link
78%
Pac-Man (1980) Blinky
73%
Splatoon (2015) Inkling Boy
73%
Inkling Girl
73%
Super Mario Bros. 2 (1988) Birdo
71%
Donkey Kong Country (1994) Diddy Kong
71%
Princess Peach
71%
Animal Crossing: New Leaf (2012) Isabelle
68%
Shy Guy
68%
Yoshi
68%
Funky Kong
66%
Luigi's Mansion (2001) King Boo
66%
Mii Channel (2006) Mii
66%
New Super Mario Bros. U (2012) Nabbit
66%
Petey Piranha
66%
Toad
66%
Super Mario World 2: Yoshi's Island (1995) Baby Luigi
63%
Baby Mario
63%
Super Mario Sunshine (2002) Bowser Jr.
63%
Koopa Troopa
63%
Super Mario Land (1989) Princess Daisy
63%
Rosalina
63%
Mario Tennis (2000) Waluigi
63%
Super Mario Land 2: 6 Golden Coins (1992) Wario
63%
Donkey Kong Country 2: Diddy's Kong Quest (1995) Dixie Kong
61%
Iggy Koopa
61%
Lemmy Koopa
61%
Ludwig von Koopa
61%
Metal Mario
61%
Morton Koopa Jr.
61%
Mario Kart DS (2005) R.O.B.
61%
Roy Koopa
61%
Mario Kart: Double Dash!! (2003) Toadette
61%
Mario Kart Wii (2008) Baby Daisy
59%
Mario & Luigi: Partners in Time (2005) Baby Peach
59%
Dr. Mario (1990) Dr. Mario
59%
Larry Koopa
59%
Animal Forest (2001) Villager Boy
59%
Villager Girl
59%
Mario Kart 8 (2014) Baby Rosalina
56%
Super Mario: 3D World (2013) Cat Peach
56%
Dry Bones
56%
Hammer Bro.
56%
Honey Queen
56%
Super Mario 64 (1996) King Bob-omb
56%
Lakitu
56%
Wendy O. Koopa
56%
Kamek
54%
New Super Mario Bros. U Deluxe (2019) Peachette
54%
Pink Gold Peach
54%
Tanooki Mario
51%
New Super Mario Bros. (2006) Dry Bowser
49%
Wiggler
49%
New Super Mario Bros. 2 (2012) Gold Mario
46%
Koopa Paratroopa
46%
Poochy
41%
Super Mario World (1990) Chargin' Chuck
39%
Fire Bro.
37%
New Super Mario Bros. Wii (2009) Ice Bro
34%
Monty Mole
34%
Taiko no Tatsujin (2001) Don-Chan
32%
Super Mario Bros. 3 (1988) Boomerang Bro.
29%
Tamogatchi (1996) Mametchi
29%
Super Mario Galaxy (2007) Captain Toad
22%
No matching quizzes found
Score Distribution
Percent of People with Each Score
Percentile by Number Answered
Your Score History
You have not taken this quiz since the last reset